| 000 | 00679nam a2200169Ia 4500 | ||
|---|---|---|---|
| 008 | 100122s9999 xx 000 0 und d | ||
| 082 |
_b67221 _a504 |
||
| 100 | _aरसेल | ||
| 245 | _aविज्ञानाचा समाजधारणेवरील परिणाम | ||
| 250 | _a2 | ||
| 260 |
_bमेहता पब्लिशिंग हाऊस _c2005 |
||
| 300 | _a127 | ||
| 630 | _aविज्ञानाचा समाजधारणेवरील परिणाम | ||
| 700 | _aदीक्षित कमलाकर | ||
| 730 | _aविज्ञानाचा समाजधारणेवरील परिणाम | ||
| 942 | _cBOOK | ||
| 999 |
_c439436 _d439433 |
||